Countries With Most National Parks - Statistics

General Stats
  • This quiz has been taken 245 times
  • The average score is 10 of 28
Answer Stats
National Parks Country % Correct
59 United States
67%
67 Mexico
64%
208 China
62%
685 Australia
61%
23 Kenya
56%
68 Brazil
55%
43 Canada`
51%
14 New Zealand
51%
40 Russia
50%
102 India
39%
6 Fiji
37%
58 Colombia
36%
36 Chile
35%
33 Argentina
33%
19 South Africa
33%
43 Venezuela
30%
138 Thailand
29%
37 Finland
27%
36 Norway
25%
29 Sweden
24%
16 Tanzania
24%
24 Italy
20%
20 Zambia
13%
56 Belize
12%
27 Bahamas
10%
18 Madagascar
10%
54 Philippines
7%
69 Israel
6%
No matching quizzes found
Score Distribution
Percent of People with Each Score
Percentile by Number Answered
Your Score History
You have not taken this quiz